000 00458nam a22001217a 4500
999 _c18788
_d18788
008 210211b xxu||||| |||| 00| 0 eng d
050 _aHJ2320
_b.M33 2016 c.1
100 _aMbaya, Harriet Mwendwa
245 _aFactors affecting the utilization of information systems in revenue management in county governments
_ba survey of Nakuru county government
260 _aKabarak, Nakuru, Kenya
_bKabarak University
_c2016
300 _a82 leaves
942 _2lcc
_cTHE